000 02737nam a2200277 i 4500
005 20250626211118.0
007 ta
008 200622s2025 000 0 eng d
040 _aCO-CtgCURN
_bspa
_ccoctgcurn
_erda
082 0 _aCOP 2025
_bR621
100 1 _aRivera Navarro, Danny Luz,
_eauthor.
_4aut
245 1 0 _aÉtica y responsabilidad social del contador público en el sector turístico de la ciudad de Cartagena. /
_cDanny Luz Rivera Navarro; Laury Nayelis Povea Quintana; Director: Jesús David Castillo Peñate.
260 _aCartagena de Indias :
_bCorporación Universitaria Rafael Núñez,
_c2025.
300 _a24 hojas.
336 _atext
_btxt
_2rdacontent
337 _aunmediated
_bn
_2rdamedia
338 _avolume
_bnc
_2rdacarrier
502 _aTrabajo de grado (Contador público). Corporación Universitaria Rafael Núñez. Facultad de Ciencias Administrativas y Contables. Programa de Contaduría Pública, 2025.
520 8 _a"La responsabilidad social del contador público se ha vuelto un tema cada vez más importante en el contexto empresarial actual. El objetivo de este escrito es analizar y resaltar la función del contador, no solo como administrador de la información financiera, sino también como un agente de cambio social que impulsa prácticas éticas y sostenibles dentro de las organizaciones. En un entorno donde las empresas son cada vez más presionadas para actuar de manera responsable, es fundamental comprender cómo los contadores pueden influir positivamente en este aspecto y promover un desarrollo empresarial sostenible. El concepto de responsabilidad social empresarial (RSE) ha cambiado significativamente en las últimas décadas, impulsado por una mayor conciencia social y ambiental. Este concepto se basa en principios éticos que requieren que las empresas consideren su impacto en la sociedad y el medio ambiente. En la práctica, hemos observado un aumento en iniciativas de RSE en diversas industrias, donde los contadores tienen un papel esencial al garantizar la transparencia en la información financiera relacionada con estas prácticas. Existen normativas internacionales, como los Principios del Pacto Global de la ONU, que instan a las empresas a adoptar prácticas responsables socialmente."
650 0 _aContaduría pública
_xTesis y disertaciones académicas.
700 1 _aPovea Quintana, Laury Nayelis.
700 1 _aCastillo Peñate, Jesús David,
_edirector.
856 7 _uhttps://unicurn.sharepoint.com/:b:/s/biblioteca/EWs_hJ56Z7lIjaXEag7soEQB-AXT9SdlTSIkkc0ZkzD3zQ?e=EpqGsX
_zClick para ver el recurso en texto completo
942 _2ddc
_aMHC
_bMHC
_cTG
_hCOP 2025
_iR621
999 _c49072
_d49072